000 00327nam a2200133Ia 4500
008 150201s2009 xx 000 0 und d
082 _a611
_bH09S
100 _aSINGH,INDERBIR
245 _aTB OF HUMAN NEUROANATOMY
250 _a8TH
260 _bJAYPEE BROTHERS
_aDELHI
_c2009
650 _aHUMAN ANATOMY
942 _2ddc
_cBK
_025
999 _c1024
_d1024